Biblioteca y Centro de Documentación

Vista normal Vista MARC

Entrada Nombre corporativo

Número de registros utilizados en: 4

001 - NÚMERO DE CONTROL

  • Campo de control: 3325

003 - IDENTIFICADOR DE NÚMERO DE CONTROL

  • Campo de control: ES-MaCES

005 - FECHA Y HORA DE LA ULTIMA MODIFICACION

  • Campo de control: 20120117102900.0

008 - ELEMENTOS DE DATOS DE LONGITUD FIJA

  • Campo de longitud fija: 120117 | azznnaabn |n ana d

035 ## - NÚMERO DE CONTROL DEL SISTEMA

  • Número de control del sistema: CES20120000022e

040 ## - FUENTE DE LA CATALOGACIÓN

  • Agencia original de catalogación: ES-MaCES
  • Idioma de catalogación: spa
  • Agencia de transcripción: ES-MaCES

110 1# - ENCABEZAMIENTO--NOMBRE CORPORATIVO

  • Nombre corporativo o de jurisdicción como elemento de entrada: España
  • Título de una obra: Real Decreto Legislativo por el que se aprueba el texto refundido de la Ley de contratos del sector público
  • Lugar de reunión o firma del tratado: 2011

670 ## - FUENTE DE DATOS ENCONTRADOS

  • Fuente de citación: CD del CES
  • Información encontrada: : Real decreto legistativo 3/2011, de 14 de nov.

901 ## - CES. DATOS SIRTEX

  • ID Sirtex (N5N8): 0001800007550
  • 005BIS Sirtex: 201201171029ALORITE
© CES, Consejo Económico y Social de España 2021